000 00954cam a2200241 4500
001 ABS65568
008 020513n2002 000 0 eng u
035 _a(Sirsi) u117944
100 _aBerry, B.
245 4 _aThe Common Agricutural Policy (CAP)
260 _c2002
490 _aRICS Rural Professional
_v8 April/May 2002, 22-23(2)
520 _aPart of a CAP special. Outlines the development of the CAP, the oldest and most controversial European Union policy. The guaranteed price system and export subsidies are discussed as two of the most controversial CAP elements. The CAP is seen as needing urgent modification and the Commission is undertaking currently an interim review.
590 _aABS
650 _aCAP
650 _aCOMMON AGRICULTURAL POLICY
650 _aRICS
650 _aEUROPEAN UNION
650 _aEXPORT SUBSIDIES
650 _aGUARANTEED PRICE SYSTEM
690 _aRURAL-AGRICULTURE AND FORESTRY
942 _n0
999 _c70243
_d70243